| 000 | 00380nam a2200145Ia 4500 | ||
|---|---|---|---|
| 008 | 240624s9999 xx 000 0 und d | ||
| 041 | _aeng | ||
| 082 | _a658.4038 PAS | ||
| 100 | _aPASHER EDNA | ||
| 245 | _aCOMPLETE GUIDE TO KNOWLEDGE MANAGEMENT A | ||
| 250 | _a11 | ||
| 260 |
_c2011 _aNew Jersey _bJohn Wiley and Sons |
||
| 300 | _axvii, : 204 : p. : cm. ; 23 | ||
| 365 |
_c _b27 |
||
| 999 |
_c17671 _d17671 |
||